[Event "BL 2223 (Women)"]
[Site "Germany"]
[Date "2023.04.30"]
[Round "10.2"]
[White "Anisheva, Varvara"]
[Black "Trunz, Elena"]
[Result "1/2-1/2"]
[WhiteElo "2086"]
[BlackElo "2123"]
[PlyCount "90"]
[EventDate "2022.10.15"]
[EventType "team-tourn"]
[EventRounds "11"]
[EventCountry "GER"]
[SourceTitle "EXT 2024"]
[Source "ChessBase"]
[SourceDate "2023.10.10"]
[SourceVersion "1"]
[SourceVersionDate "2023.10.10"]
[SourceQuality "1"]
[WhiteTeam "Erfurt Medizin (W)"]
[BlackTeam "Hemer (W)"]
[WhiteTeamCountry "GER"]
[BlackTeamCountry "GER"]

1. e4 c5 2. Nc3 d6 3. f4 Nc6 4. Nf3 g6 5. Bc4 Bg7 6. 0-0 e6 7. f5 exf5 8. d3 Nge7 9. exf5 Bxf5 10. g4 d5 11. Nxd5 Nxd5 12. gxf5 0-0 13. Qe1 Nb6 14. Bb3 Nd4 15. fxg6 hxg6 16. Nxd4 Qxd4+ 17. Kh1 c4 18. dxc4 Nxc4 19. c3 Qd5+ 20. Kg1 Rae8 21. Qf2 Re4 22. Bf4 a5 23. Rad1 Qe6 24. Rde1 Qg4+ 25. Bg3 Rxe1 26. Rxe1 b5 27. Qe2 Qc8 28. Bxc4 bxc4 29. Bd6 Rd8 30. Ba3 Bh6 31. Qe4 Qc7 32. Re2 Qb6+ 33. Kg2 Qb5 34. Be7 Re8 35. Qf3 Qd7 36. Bf6 Rxe2+ 37. Qxe2 Qd5+ 38. Qf3 Qd2+ 39. Qf2 Qd6 40. Bd4 a4 41. Qf3 Bg7 42. Qa8+ Kh7 43. Bxg7 Qd2+ 44. Kg3 Kxg7 45. Qxa4 Qd6+ 1/2-1/2

[Event "BL2 West 2122 (Women)"]
[Site "Germany"]
[Date "2021.11.27"]
[Round "1.1"]
[White "Trunz, Elena"]
[Black "Dergatschova, Anna"]
[Result "1/2-1/2"]
[WhiteElo "2119"]
[BlackElo "2168"]
[PlyCount "61"]
[EventDate "2021.11.27"]
[EventType "team-tourn"]
[EventRounds "7"]
[EventCountry "GER"]
[SourceTitle "EXT 2023"]
[Source "ChessBase"]
[SourceDate "2022.10.05"]
[SourceVersion "1"]
[SourceVersionDate "2022.10.05"]
[SourceQuality "1"]
[WhiteTeam "Godesberg (W)"]
[BlackTeam "Muelheim Nord (W)"]
[WhiteTeamCountry "GER"]
[BlackTeamCountry "GER"]

1. e4 c5 2. Nc3 g6 3. g3 Bg7 4. Bg2 Nc6 5. d3 Rb8 6. Be3 Qa5 7. Nge2 b5 8. Qd2 Nd4 9. 0-0 Nxe2+ 10. Qxe2 b4 11. Nd1 Nf6 12. Bf4 Rb5 13. c4 Rb6 14. Bc7 0-0 15. Bxb6 Qxb6 16. f4 d6 17. Ne3 e6 18. g4 Nd7 19. h4 Bd4 20. Kh2 Qd8 21. Rf3 Qxh4+ 22. Rh3 Qf6 23. Rf1 e5 24. Nd5 Qd8 25. f5 Qg5 26. Rh1 Bb7 27. Bf3 Bxd5 28. cxd5 Nf6 29. Rf1 Kg7 30. Kh1 Be3 31. Rd1 1/2-1/2